000 01238 am a2200325 a 4500
999 _c16838
_d16838
001 006729426
003 EG-ScBUE
005 20210316103309.0
008 960102r19961993enk f 000 d eng d
020 _a0571177662 (pbk) :
_c£8.99
020 _a9780571177660
040 _aUk
_beng
_erda
_cUk
_dEG-ScBUE
082 0 4 _a822.914
_bOSB
_222
100 1 _aOsborne, John,
_d1929-1994,
_eauthor.
_eauthor of introduction, etc.
_930446
240 1 0 _aLook back in anger and other plays.
245 1 0 _aPlays One /
_cJohn Osborne ; introduced by the author.
250 _aReprinted edition.
264 1 _aLondon :
_bFaber and Faber Limited,
_c1996.
300 _axiv, 375 pages ;
_c20 cm.
336 _2rdacontent
_atext
_btxt
337 _2rdamedia
_aunmediated
_bn
338 _2rdacarrier
_avolume
_bnc
490 0 _aContemporary classics
505 0 _aContents: Look back in anger. Originally published: 1957 _ Epitaph for George Dillon. Originally published: 1958 _ The world of Paul Slickey. Originally published: 1959 _ Déjàvu. Originally published: 1991.
650 7 _aEnglish drama
_y20th century.
_2BUEsh
651 _2BUEsh
653 1 _aEnglish drama
_cJuly2012
_bHHUUEENN
655 _vReading book
_934232
942 _2ddc
_cBB